Statistics for RevPro (RPW) British Heavyweight Champions

Click here to take the quiz!

General Stats

  • This quiz has been taken 15 times
    (6 since last reset)
  • The average score is 4 of 13

Answer Stats

Title ReignsLast WonChampion% Correct
12020Will Ospreay
100%
12023Michael Oku
50%
42019Zack Sabre Jr.
50%
12015AJ Styles
25%
12022Great-O-Khan
25%
12016Katsuyori Shibata
25%
12014Marty Scurll
25%
12018Minoru Suzuki
25%
12022Ricky Knight Jr.
25%
12011Sha Samuels
25%
22018Tomohiro Ishii
25%
12013Colt Cabana
0%
12019Hiroshi Tanahashi
0%

Score Distribution

Percentile by Number Answered

Percent of People with Each Score

Your Score History

You have not taken this quiz since the last reset